| 000 | 00617nam a22001697a 4500 | ||
|---|---|---|---|
| 082 | _a004 | ||
| 100 | _aMasood, Hashaam ; Ahmad, Hafiz Muneeb ; Muhammad Yousuf ; Khan, Fahad Naeem and Abdul Rehman bin Tahir | ||
| 245 | _aBalance of Payment | ||
| 260 |
_aIslamabad: _bSEECS - NUST, _c2008. |
||
| 300 |
_bill. ; _c30cm. |
||
| 563 | _aHBK. | ||
| 650 |
_aInformantion and Communication System Engineering BS-Project Report. _934463 |
||
| 700 |
_aMuhammad Yousuf. _931105 |
||
| 856 | _uhttp://10.250.8.41:8080/xmlui/handle/123456789/28811 | ||
| 942 |
_2ddc _cPR |
||
| 999 |
_c540435 _d540435 |
||